000 00272nam a2200109Ia 4500
008 190216s9999||||xx |||||||||||||| ||und||
100 _aWilliam E Thomas
245 0 _aReadings In Cost Accounting Budgeting And Control
260 _bNull
_c1970
300 _a855p
942 _cBK
999 _c3908
_d3908